000 00928nam a22002297a 4500
005 20240530110442.0
008 150421s2010 su g b 000 0 ara d
017 _a1431/7318
_bالسعودية . مكتبة الملك فهد الوطنية
020 _a9786038005545
040 _aEG-CaGPL
082 0 4 _221
_a414.5\
_bس ج
100 0 _aسحر مصطفى ابراهيم المعنا
245 1 0 _aجنى البديع :
_bدراسة تحليلية لمسائل علم البديع /
_cسحر مصطفى ابراهيم المعنا
250 _aط1
260 _aالرياض :
_bدار الزهراء للنشر و التوزيع ،
_c2010 .
300 _a248 ص ؛
_c24 سم .
504 _aيشتمل على ارجاعات ببليوجرافية
650 0 4 _aاللغة العربية
650 0 4 _aالبلاغة العربية
_xالبديع
942 _2ddc
_cBK
999 _c61068
_d61068